Understanding building failures (Record no. 107164)
[ view plain ]
| 000 -LEADER | |
|---|---|
| fixed length control field | 01622cam a22002895a 4500 |
| 001 - CONTROL NUMBER | |
| control field | L138442 |
| 008 - FIXED-LENGTH DATA ELEMENTS--GENERAL INFORMATION | |
| fixed length control field | 070606s2007 xxkado f 001 0 eng d |
| 020 ## - INTERNATIONAL STANDARD BOOK NUMBER | |
| International Standard Book Number | a9780415370820 |
| -- | 9780203030141 |
| 035 ## - SYSTEM CONTROL NUMBER | |
| System control number | (Sirsi) u138442 |
| 041 0# - LANGUAGE CODE | |
| Language code of text/sound track or separate title | eng |
| 050 04 - LIBRARY OF CONGRESS CALL NUMBER | |
| Classification number | 690.21 $2 18 |
| 100 1# - MAIN ENTRY--PERSONAL NAME | |
| Personal name | Douglas, James |
| 245 00 - TITLE STATEMENT | |
| Title | Understanding building failures |
| Medium | [electronic building] |
| 250 ## - EDITION STATEMENT | |
| Edition statement | 3rd ed. |
| 260 ## - PUBLICATION, DISTRIBUTION, ETC. | |
| Place of publication, distribution, etc. | Abingdon |
| Name of publisher, distributor, etc. | Spon Press |
| Date of publication, distribution, etc. | 2007 |
| 300 ## - PHYSICAL DESCRIPTION | |
| Extent | eBook |
| 505 1# - FORMATTED CONTENTS NOTE | |
| Formatted contents note | Introduction to building pathology -- Principles of building diagnostics -- Basic investigative methodology -- Diagnostic techniques and tools -- Deterioration mechanisms -- Durability and service life assessment -- Moisture -- Foundations -- Floors, floor finishes and DPMs -- Walls and DPCs -- Cladding -- Doors and windows -- Roofs -- Services -- Failure patterns and control |
| 520 ## - SUMMARY, ETC. | |
| Summary, etc. | Addresses the reasons for the continuance of failures in the building industry and offers guidance for how the problems may be tackled. States that in order to understand why buildings fail it is important to understand how they are constructed. Discusses basic investigative methodology and diagnostic techniques and then considers areas such as moisture, foundations, floors, walls and DPCs, cladding, doors and windows and roofs. |
| 590 ## - LOCAL NOTE (RLIN) | |
| Local note | KA |
| 650 24 - SUBJECT ADDED ENTRY--TOPICAL TERM | |
| Topical term or geographic name entry element | EBOOK |
| 651 #4 - SUBJECT ADDED ENTRY--GEOGRAPHIC NAME | |
| Geographic name | England and Wales |
| Chronological subdivision | 1543- |
| 690 ## - LOCAL SUBJECT ADDED ENTRY--TOPICAL TERM (OCLC, RLIN) | |
| Topical term or geographic name as entry element | BUILT ENVIRONMENT-BUILDING SURVEYING-STRUCTURAL SURVEYING |
| 700 1# - ADDED ENTRY--PERSONAL NAME | |
| Personal name | Ransom, Bill |
| 856 48 - ELECTRONIC LOCATION AND ACCESS | |
| Uniform Resource Identifier | <a href="https://www.vlebooks.com/">https://www.vlebooks.com/</a> |
| Public note | View on VLEbooks. Logins for members only from [email protected] |
| 942 ## - ADDED ENTRY ELEMENTS (KOHA) | |
| Suppress in OPAC | 0 |
| Withdrawn status | Lost status | Damaged status | Not for loan | Home library | Current library | Shelving location | Date acquired | Cost, normal purchase price | Total Checkouts | Full call number | Barcode | Date last seen | Date last checked out | Copy number | Cost, replacement price | Price effective from | Koha item type | Source of classification or shelving scheme |
|---|---|---|---|---|---|---|---|---|---|---|---|---|---|---|---|---|---|---|
| Missing from bundle | London | London | Books | 29/06/2007 | 55.25 | 12 | 690.21 DOU | 30073963 | 06/08/2019 | 23/12/2008 | 1 | 55.25 | 06/08/2019 | Book | ||||
| Virtual | Virtual | Online | 10/02/2010 | 75.00 | EBOOK | 138442-2001 | 06/08/2019 | 1 | 75.00 | 06/08/2019 | Book | Dewey Decimal Classification |